Pháp luật về khiếu nại và khiếu kiện hành chính : Tài liệu hướng dẫn học tập

Giới thiệu một số khái niệm và các nguyên tắc khiếu nại, giải quyết khiếu nại của luật tố tụng hành chính Việt Nam.

Enregistré dans:
Détails bibliographiques
Auteur principal: Diệp, Thành Nguyên
Format: Livre
Langue:Undetermined
Publié: Cần Thơ Nxb. Đại học Cần Thơ 2012
Sujets:
Tags: Ajouter un tag
Pas de tags, Soyez le premier à ajouter un tag!
Thư viện lưu trữ: Trung tâm Học liệu Trường Đại học Cần Thơ
LEADER 00960nam a2200229Ia 4500
001 CTU_229792
008 210402s9999 xx 000 0 und d
082 |a 347.597053 
082 |b Ng527 
100 |a Diệp, Thành Nguyên 
245 0 |a Pháp luật về khiếu nại và khiếu kiện hành chính : 
245 0 |b Tài liệu hướng dẫn học tập 
245 0 |c Diệp Thành Nguyên (Biên soạn) 
260 |a Cần Thơ 
260 |b Nxb. Đại học Cần Thơ 
260 |c 2012 
520 |a Giới thiệu một số khái niệm và các nguyên tắc khiếu nại, giải quyết khiếu nại của luật tố tụng hành chính Việt Nam. 
650 |a Khiếu nại (Thủ tục dân sự),Complaints (Civil procedure) 
650 |x Vietnam 
650 |z Việt Nam 
910 |b nthai 
980 |a Trung tâm Học liệu Trường Đại học Cần Thơ